The principles and practice of fire insurance in The United Kingdom / (Record no. 72660)

MARC details
000 -LEADER
campo de control de longitud fija 00603nam a2200193 i 4500
001 - NÚMERO DE CONTROL
campo de control 72660
003 - IDENTIFICADOR DE NÚMERO DE CONTROL
campo de control ES-MaACL
005 - FECHA Y HORA DE LA ÚLTIMA TRANSACCIÓN
campo de control 20230906171518.0
007 - CAMPO FIJO DE DESCRIPCIÓN FÍSICA--INFORMACIÓN GENERAL
campo de control de longitud fija t|
008 - DATOS DE LONGITUD FIJA--INFORMACIÓN GENERAL
campo de control de longitud fija 040902s1943 xxk ||||1| eng d
100 1# - ENTRADA PRINCIPAL--NOMBRE DE PERSONA
Nombre de persona Godwin, Frank.
9 (RLIN) 57548
245 14 - MENCIÓN DEL TÍTULO
Título The principles and practice of fire insurance in The United Kingdom /
Mención de responsabilidad, etc. by Frank Godwin.
250 ## - MENCION DE EDICION
Mención de edición 6th ed.
260 ## - PUBLICACIÓN, DISTRIBUCIÓN, ETC.
Lugar de publicación, distribución, etc. London :
Nombre del editor, distribuidor, etc. Isaac Pitman,
Fecha de publicación, distribución, etc. [1943] (
Fabricante Bath)
300 ## - DESCRIPCIÓN FÍSICA
Extensión VII, 140 p. :
Otras características físicas il. ;
Dimensiones 22 cm.
500 ## - NOTA GENERAL
Nota general Los apéndices III(b) y III(e) pleg.
852 ## - LOCALIZACIÓN
Ubicación ES-MaACL
Número de control de estantería C-5367
Sublocalización o colección R.25477
852 ## - LOCALIZACIÓN
Ubicación ES-MaACL
Número de control de estantería C-5381
Sublocalización o colección R.25600
Holdings
Estatus retirado Estado de pérdida Estado de daño No para préstamo Biblioteca de origen Biblioteca actual Ubicación en estantería Fecha de adquisición Fuente de adquisición Total de préstamos Signatura topográfica completa Código de barras Visto por última vez Precio de reemplazo Tipo de ítem Koha
        Biblioteca del Ateneo de Madrid Biblioteca del Ateneo de Madrid Sala Palomar 17/01/2008     C-5381 1076064 23/02/2023 23/02/2023 Libro impreso
        Biblioteca del Ateneo de Madrid Biblioteca del Ateneo de Madrid Sala Palomar 17/01/2008     C-5367 1076063 23/02/2023 23/02/2023 Libro impreso